[Event "PRO League Group Stage"]
[Site "chess.com INT"]
[Date "2018.02.24"]
[Round "7"]
[White "Lenic, Luka"]
[Black "Perez Ponsa, Federico"]
[Result "1/2-1/2"]
[WhiteTitle "GM"]
[BlackTitle "GM"]
[WhiteElo "2662"]
[BlackElo "2553"]
[WhiteTeam "Ljubljana Turtles"]
[BlackTeam "Buenos Aires Krakens"]
[WhiteFideId "14603853"]
[BlackFideId "117927"]
[EventDate "2018.01.18"]

1. d4 Nf6 2. c4 g6 3. Nc3 Bg7 4. e4 d6 5. Nf3 O-O 6. Be2 e5 7. O-O Nc6 8. d5 Ne7
9. Bg5 Nh5 10. Ne1 Nf4 11. Nd3 Nxe2+ 12. Qxe2 h6 13. Be3 g5 14. c5 Ng6 15. Rac1
Nf4 16. Qd2 Bd7 17. f3 b6 18. cxd6 cxd6 19. a4 Rc8 20. Nb5 Bxb5 21. axb5 Qd7 22.
Rc6 f5 23. Nf2 Nxg2 24. Kxg2 f4 25. Nd1 fxe3 26. Nxe3 Rcd8 27. Qc2 Rf4 28. Rc7
Qxb5 29. Rxa7 Qc5 30. Qxc5 bxc5 31. Rb7 Ra8 32. Rb6 Bf8 33. Rf2 h5 34. h3 Kf7
35. Nc4 Rd8 36. b3 Be7 37. Rb7 Ke8 38. Na5 Ra8 39. Nc6 Bf6 40. Rh7 g4 41. fxg4
hxg4 42. Rxf4 exf4 43. hxg4 Ra3 44. e5 Bxe5 45. Nxe5 dxe5 46. d6 Rxb3 47. Re7+
Kd8 48. Rxe5 c4 49. Rc5 Rg3+ 50. Kf2 c3 51. Rc7 Rxg4 52. Rxc3 Rg3 53. Rxg3 fxg3+
54. Kxg3 Kd7 55. Kf4 Kxd6 1/2-1/2

[Event "PRO League Group Stage"]
[Site "chess.com INT"]
[Date "2018.02.24"]
[Round "7"]
[White "Lenic, Luka"]
[Black "Nakamura, Hikaru"]
[Result "1/2-1/2"]
[WhiteTitle "GM"]
[BlackTitle "GM"]
[WhiteElo "2662"]
[BlackElo "2781"]
[WhiteTeam "Ljubljana Turtles"]
[BlackTeam "Seattle Sluggers"]
[WhiteFideId "14603853"]
[BlackFideId "2016192"]
[EventDate "2018.01.18"]

1. d4 g6 2. c4 Bg7 3. Nf3 d6 4. Nc3 Nc6 5. d5 Ne5 6. Nxe5 Bxe5 7. g3 c5 8. Bg2
Bg7 9. O-O Nf6 10. Qc2 O-O 11. Re1 e6 12. dxe6 Bxe6 13. Bxb7 Rb8 14. Bg2 Bxc4
15. Bg5 h6 16. Bxf6 Bxf6 17. b3 Qa5 18. Rac1 Qxc3 1/2-1/2

[Event "PRO League Group Stage"]
[Site "chess.com INT"]
[Date "2018.02.24"]
[Round "7"]
[White "Lenic, Luka"]
[Black "Bortnyk, Olexandr"]
[Result "0-1"]
[WhiteTitle "GM"]
[BlackTitle "GM"]
[WhiteElo "2662"]
[BlackElo "2610"]
[WhiteTeam "Ljubljana Turtles"]
[BlackTeam "Rio Grande Ospreys"]
[WhiteFideId "14603853"]
[BlackFideId "14120828"]
[EventDate "2018.01.18"]

1. e4 Nf6 2. e5 Nd5 3. d4 d6 4. Nf3 dxe5 5. Nxe5 c6 6. Be2 Bf5 7. O-O Nd7 8. Nf3
e6 9. c4 N5f6 10. Nc3 Be7 11. Nh4 Bg6 12. g3 O-O 13. Re1 Re8 14. Nxg6 hxg6 15.
Bf3 Qc7 16. Bf4 Bd6 17. Bg5 Bb4 18. a3 Bxc3 19. bxc3 Qa5 20. Bd2 e5 21. Qc2 Nb6
22. Be2 Qa4 23. Qxa4 Nxa4 24. Bf1 Rad8 25. Bg5 exd4 26. Rxe8+ Rxe8 27. cxd4 Rd8
28. Rd1 Kf8 29. h3 Rd7 30. Be3 c5 31. d5 Ne4 32. Rc1 Nd6 33. Be2 b6 34. g4 Re7
35. Rc2 f5 36. Bd3 Ke8 37. Kf1 Kd7 38. Bf4 Ne4 39. f3 Nd6 40. Kf2 a6 41. h4 Rf7
42. Kg3 Re7 43. Bxd6 Kxd6 44. gxf5 gxf5 45. Bxf5 b5 46. cxb5 axb5 47. Be4 c4 48.
Kf4 Nb6 49. Rd2 Ra7 50. Rg2 Nxd5+ 51. Kg5 c3 52. Rc2 Rxa3 53. Kg6 b4 54. Kxg7 b3
55. Rg2 Ra7+ 56. Kh6 Ne3 57. Rg6+ Ke5 58. Rc6 c2 59. Rc3 Kd4 60. Rd3+ Kc4 0-1

[Event "PRO League Group Stage"]
[Site "chess.com INT"]
[Date "2018.02.24"]
[Round "7"]
[White "Lenic, Luka"]
[Black "Liang, Awonder"]
[Result "0-1"]
[WhiteTitle "GM"]
[BlackTitle "GM"]
[WhiteElo "2662"]
[BlackElo "2572"]
[WhiteTeam "Ljubljana Turtles"]
[BlackTeam "Pittsburgh Pawngrabbers"]
[WhiteFideId "14603853"]
[BlackFideId "2056437"]
[EventDate "2018.01.18"]

1. d4 Nf6 2. c4 e6 3. Nf3 b6 4. g3 Bb7 5. Bg2 Be7 6. O-O O-O 7. Nc3 Ne4 8. Nxe4
Bxe4 9. Nh4 Bxg2 10. Nxg2 d5 11. Qa4 Bf6 12. Be3 dxc4 13. Qxc4 Nd7 14. Rac1 Rc8
15. b4 c6 16. Rfd1 Qe7 17. a3 b5 18. Qb3 Nb6 19. d5 exd5 20. Bc5 Qxe2 21. Bxf8
Kxf8 22. Nf4 Qg4 23. Qe3 g6 24. Nd3 Kg7 25. Re1 Qf5 26. Qe2 Nc4 27. Rc2 h5 28.
h4 Rc7 29. Kg2 Nxa3 30. Ra2 Nc4 31. Qf3 Qxf3+ 32. Kxf3 Bc3 33. Rc1 d4 34. Ra6
Nb6 35. Rb1 Kf6 36. Rb3 Ke6 37. Rba3 Nd5 38. Rb3 Kd6 39. Rb1 Re7 40. Rb3 f6 41.
Ra2 g5 42. hxg5 fxg5 43. Kg2 h4 44. Kh3 Rf7 45. Kg4 hxg3 46. fxg3 Re7 47. Kxg5
Re3 48. Nf4 Rxg3+ 49. Kh4 Re3 50. Nxd5 Be1+ 51. Kg4 Rxb3 52. Nf6 Bxb4 53. Rxa7
Ke5 54. Nd7+ Ke4 55. Nf6+ Kd3 56. Rc7 c5 57. Nd5 c4 58. Rh7 Bd2 59. Rh3+ Be3 60.
Nf4+ Kc3 61. Nd5+ Kb2 62. Kf5 c3 0-1

[Event "PRO League Group Stage"]
[Site "chess.com INT"]
[Date "2018.02.24"]
[Round "7"]
[White "Gorozhanin, Mikhail"]
[Black "Macieja, Bartlomiej"]
[Result "0-1"]
[WhiteTitle "FM"]
[BlackTitle "GM"]
[WhiteElo "2435"]
[BlackElo "2550"]
[WhiteTeam "Volga Stormbringers"]
[BlackTeam "Rio Grande Ospreys"]
[WhiteFideId "4178262"]
[BlackFideId "1104306"]
[EventDate "2018.01.18"]

1. d4 Nf6 2. Bf4 d5 3. e3 c5 4. c3 cxd4 5. exd4 Nc6 6. Nd2 Bf5 7. Qb3 Qc8 8.
Ngf3 h6 9. h3 e6 10. Be2 Be7 11. O-O O-O 12. a4 a6 13. Qa2 b6 14. Rfe1 Qb7 15.
Qb3 Na5 16. Qd1 b5 17. b4 Nc4 18. Nb3 Nb2 19. Qc1 Nxa4 20. Nc5 Bxc5 21. dxc5 Ne4
22. Ra3 f6 23. Nd4 Rfe8 24. Bd1 Bg6 25. Bxa4 bxa4 26. Be3 e5 27. Nc2 Qb5 28. f3
Ng3 29. Qd2 d4 30. cxd4 Bxc2 31. Qxc2 exd4 32. Bf2 Rxe1+ 33. Bxe1 Qf1+ 34. Kh2
Qxe1 35. Qa2+ Kh8 36. Qa1 Qxa1 37. Rxa1 Ne2 38. Rxa4 Nc3 39. Ra3 Kh7 40. Kg3 Rb8
41. Rxa6 Rxb4 42. Rd6 Rc4 43. c6 Nb5 44. Rd5 Nc7 45. Rd6 d3 46. Rxd3 Rxc6 47.
Rd7 Rc2 48. h4 h5 49. Rd8 Ne6 50. Rd5 Kg6 51. Rd6 Nc7 52. Kh3 Rc3 53. Kh2 Nb5
54. Rd5 Na3 55. f4 Nc2 56. f5+ Kh7 0-1

[Event "PRO League Group Stage"]
[Site "chess.com INT"]
[Date "2018.02.24"]
[Round "7"]
[White "Gorozhanin, Mikhail"]
[Black "Obregon, Andres Carlos"]
[Result "1-0"]
[WhiteTitle "FM"]
[BlackTitle "GM"]
[WhiteElo "2435"]
[BlackElo "2514"]
[WhiteTeam "Volga Stormbringers"]
[BlackTeam "Buenos Aires Krakens"]
[WhiteFideId "4178262"]
[BlackFideId "111724"]
[EventDate "2018.01.18"]

1. d4 Nf6 2. Bf4 e6 3. e3 b6 4. Nf3 Bb7 5. h3 Be7 6. Be2 O-O 7. O-O c5 8. c3 d6
9. Nbd2 cxd4 10. exd4 Nbd7 11. a4 a6 12. Bh2 Re8 13. Nc4 Qc7 14. Nfd2 Rab8 15.
Ne3 Nf8 16. Re1 Ng6 17. Bf3 Bf8 18. Qb3 Nh4 19. Bxb7 Qxb7 20. Bg3 Ng6 21. Nec4
Qc6 22. Ne3 Qb7 23. Nec4 Red8 24. Qd1 Qc7 25. Ne3 b5 26. axb5 axb5 27. Nb3 Ra8
28. Qf3 Ra4 29. Nc5 Rxa1 30. Rxa1 Rc8 31. Nb3 Qb8 32. Ra6 Be7 33. Na5 Bf8 34.
Qb7 Qxb7 35. Nxb7 d5 36. Nd6 Bxd6 37. Bxd6 Ne4 38. Bb4 Nd2 39. Nd1 Nc4 40. g3 h5
41. h4 Nf8 42. Kf1 Nd7 43. Ke2 Nf6 44. b3 1-0

[Event "PRO League Group Stage"]
[Site "chess.com INT"]
[Date "2018.02.24"]
[Round "7"]
[White "Gorozhanin, Mikhail"]
[Black "Mikhalevski, Victor"]
[Result "0-1"]
[WhiteTitle "FM"]
[BlackTitle "GM"]
[WhiteElo "2435"]
[BlackElo "2538"]
[WhiteTeam "Volga Stormbringers"]
[BlackTeam "Seattle Sluggers"]
[WhiteFideId "4178262"]
[BlackFideId "2801914"]
[EventDate "2018.01.18"]

1. d4 Nf6 2. Bf4 g6 3. e3 Bg7 4. Nf3 O-O 5. h3 d6 6. Be2 Nbd7 7. O-O Qe8 8. Bh2
e5 9. c4 Qe7 10. Nc3 c6 11. Re1 e4 12. Nd2 Re8 13. b4 h5 14. c5 d5 15. b5 Qe6
16. Bf1 Nh7 17. Nb3 h4 18. Rc1 f5 19. bxc6 bxc6 20. Na5 Ndf6 21. Qa4 Bd7 22. Ba6
f4 23. Bxf4 g5 24. Bh2 g4 25. Ne2 Bh6 26. Bf4 Ng5 27. Bb7 gxh3 28. Bxc6 Qg4 29.
Ng3 Nf3+ 30. gxf3 Qxf3 31. Kf1 Bg4 32. Red1 hxg3 33. Bxg3 Bxe3 34. Bxd5+ Nxd5
35. Qc6 Qh1# 0-1

[Event "PRO League Group Stage"]
[Site "chess.com INT"]
[Date "2018.02.24"]
[Round "7"]
[White "Gorozhanin, Mikhail"]
[Black "Le, Tuan Minh"]
[Result "1/2-1/2"]
[WhiteTitle "FM"]
[BlackTitle "IM"]
[WhiteElo "2435"]
[BlackElo "2485"]
[WhiteTeam "Volga Stormbringers"]
[BlackTeam "Pittsburgh Pawngrabbers"]
[WhiteFideId "4178262"]
[BlackFideId "12401153"]
[EventDate "2018.01.18"]

1. d4 Nf6 2. Nf3 e6 3. Bf4 d5 4. e3 Bd6 5. Bg3 c5 6. Nbd2 O-O 7. c3 Qc7 8. Bd3
Nbd7 9. O-O e5 10. Bf5 e4 11. Ne1 Re8 12. Bxd7 Bxd7 13. Bxd6 Qxd6 14. dxc5 Qxc5
15. Nb3 Qd6 16. h3 Bb5 17. Nc2 Bxf1 18. Qxf1 Rad8 19. Rd1 h6 20. Qb5 Qc7 21.
Nbd4 a6 22. Qb3 Re5 23. Nb4 Rg5 24. Ne2 a5 25. Nc2 Re5 26. Nf4 g5 27. Ne2 Re6
28. Ncd4 Rb6 29. Qc2 Nd7 30. Nf5 Ne5 31. Ned4 Rf6 32. Qe2 Qd7 33. Ng3 Nd3 34.
Rxd3 exd3 35. Qxd3 Re8 36. Nh5 Rb6 37. Nf5 Re5 38. Qd4 Qe6 39. Nhg7 Qf6 40. Nh5
Qe6 41. Nhg7 Qf6 42. Nh5 Rxf5 43. Nxf6+ Rbxf6 44. f3 Re6 45. Kf2 Rfe5 46. a4 b6
47. b4 f5 48. bxa5 bxa5 49. Qa7 Re7 50. Qb8+ Kg7 51. Qb6 Kh7 52. Qd4 Kg6 53.
Qb6+ R7e6 54. Qd4 Re7 55. Qb6+ R7e6 56. Qd4 h5 57. g4 hxg4 58. hxg4 fxg4 59.
fxg4 Re4 60. Qxd5 Rf6+ 61. Ke2 Rxg4 62. Qxa5 Rg2+ 63. Kd3 g4 64. Qd8 Rff2 65.
Ke4 g3 66. Qg8+ Kh5 67. a5 Rg1 68. Qh7+ Kg4 69. Qd7+ Kh4 70. Qh7+ Kg4 71. Qd7+
Kh4 72. Qh7+ Kg4 73. a6 Ra1 74. Qd7+ Kh4 75. Qh7+ Kg4 76. Qd7+ Kh4 77. Qh7+ Kg4
78. Qd7+ Kh4 79. Qh7+ Kg4 80. Qd7+ Kh4 81. Qh7+ Kg4 1/2-1/2

[Event "PRO League Group Stage"]
[Site "chess.com INT"]
[Date "2018.02.24"]
[Round "7"]
[White "Miroshnichenko, Evgenij"]
[Black "Atalik, Suat"]
[Result "1/2-1/2"]
[WhiteTitle "GM"]
[BlackTitle "GM"]
[WhiteElo "2606"]
[BlackElo "2538"]
[WhiteTeam "Australia Kangaroos"]
[BlackTeam "Amsterdam Mosquitoes"]
[WhiteFideId "14102595"]
[BlackFideId "14401487"]
[EventDate "2018.01.18"]

1. Nf3 Nf6 2. c4 c5 3. Nc3 e6 4. g3 b6 5. Bg2 Bb7 6. O-O Be7 7. b3 O-O 8. Bb2 d5
9. e3 Qc8 10. cxd5 Nxd5 11. Nxd5 Bxd5 12. d3 Rd8 13. Qe2 Nd7 14. Rac1 Qa6 15.
Rc2 Bf6 16. e4 Bc6 17. e5 Be7 18. Ra1 Nf8 19. d4 Qxe2 20. Rxe2 Rac8 21. Rd1 Bb5
22. Rc2 Ng6 23. h4 h5 24. Rdc1 Bd3 25. Rd2 Be4 26. dxc5 Bxc5 27. Rcd1 Rxd2 28.
Rxd2 Bd5 29. Ng5 Bb4 30. Re2 Ne7 31. Ne4 Nf5 32. a3 Be7 33. b4 a5 34. bxa5 bxa5
35. Rd2 Rb8 36. Rc2 Kh7 37. Nc3 Bxg2 38. Kxg2 Rc8 39. Rc1 Rc4 40. Nb5 Rxc1 41.
Bxc1 Bd8 42. Bd2 Bb6 43. a4 Kg8 44. Na3 Nd4 45. Nc4 Nb3 46. Bc3 Bc7 47. f3 Nc5
48. Bxa5 Bxa5 49. Nxa5 Nxa4 50. Nc4 f6 51. exf6 gxf6 52. g4 Kg7 53. Kg3 Kg6 54.
Ne3 Nc3 55. Ng2 e5 56. Ne3 Ne2+ 57. Kf2 Nd4 58. Kg3 f5 59. gxf5+ Nxf5+ 60. Nxf5
Kxf5 61. Kg2 Kf4 62. Kf2 e4 63. fxe4 Kxe4 64. Ke2 Kf4 65. Kf2 Kg4 66. Kg2 Kxh4
67. Kh2 Kg4 68. Kg2 h4 69. Kh2 h3 70. Kg1 Kg3 71. Kh1 h2 1/2-1/2

[Event "PRO League Group Stage"]
[Site "chess.com INT"]
[Date "2018.02.24"]
[Round "7"]
[White "Miroshnichenko, Evgenij"]
[Black "Carlsen, Magnus"]
[Result "0-1"]
[WhiteTitle "GM"]
[BlackTitle "GM"]
[WhiteElo "2606"]
[BlackElo "2834"]
[WhiteTeam "Australia Kangaroos"]
[BlackTeam "Norway Gnomes"]
[WhiteFideId "14102595"]
[BlackFideId "1503014"]
[EventDate "2018.01.18"]

1. Nf3 b5 2. e4 a6 3. d4 Bb7 4. Bd3 e6 5. O-O c5 6. c3 Nf6 7. Re1 Be7 8. a4 cxd4
9. cxd4 Nc6 10. Nc3 Nb4 11. Bf1 bxa4 12. Qxa4 O-O 13. Bg5 Bc6 14. Qa5 Nc2 15.
Qxd8 Rfxd8 16. d5 Bb7 17. Rac1 Nxe1 18. Rxe1 h6 19. Bh4 Bb4 0-1

[Event "PRO League Group Stage"]
[Site "chess.com INT"]
[Date "2018.02.24"]
[Round "7"]
[White "Miroshnichenko, Evgenij"]
[Black "Pruijssers, Roeland"]
[Result "1-0"]
[WhiteTitle "GM"]
[BlackTitle "GM"]
[WhiteElo "2606"]
[BlackElo "2536"]
[WhiteTeam "Australia Kangaroos"]
[BlackTeam "Oslo Trolls"]
[WhiteFideId "14102595"]
[BlackFideId "1013068"]
[EventDate "2018.01.18"]

1. Nf3 f5 2. c4 Nf6 3. Nc3 d6 4. d4 g6 5. g3 Bg7 6. Bg2 O-O 7. O-O Qe8 8. Qb3 c6
9. Re1 Na6 10. Bf4 Ne4 11. Rad1 e5 12. Bc1 Nxc3 13. Qxc3 exd4 14. Qa3 c5 15. e3
dxe3 16. Bxe3 Qd8 17. Bf4 Bd7 18. Rxd6 Qc8 19. Re7 Bc6 20. Qe3 Be4 21. Rxg7+
Kxg7 22. Be5+ Kg8 23. Qh6 Rf7 24. Rxg6+ hxg6 25. Qh8# 1-0

[Event "PRO League Group Stage"]
[Site "chess.com INT"]
[Date "2018.02.24"]
[Round "7"]
[White "Miroshnichenko, Evgenij"]
[Black "Zhou, Yang-Fan"]
[Result "1-0"]
[WhiteTitle "GM"]
[BlackTitle "IM"]
[WhiteElo "2606"]
[BlackElo "2449"]
[WhiteTeam "Australia Kangaroos"]
[BlackTeam "London Lions"]
[WhiteFideId "14102595"]
[BlackFideId "468584"]
[EventDate "2018.01.18"]

1. Nf3 g6 2. d4 Bg7 3. Bf4 d6 4. e3 Nd7 5. h3 e5 6. Bh2 f5 7. Bc4 e4 8. Ng1 Ne7
9. Ne2 Nf6 10. Bb3 Bd7 11. a4 g5 12. Ng3 h5 13. a5 Ng6 14. Nc3 c6 15. Nge2 Qe7
16. Qd2 Bh6 17. O-O-O b5 18. Kb1 d5 19. f3 O-O 20. fxe4 fxe4 21. Rdf1 Rf7 22.
Ng3 Raf8 23. Qe2 g4 24. Nf5 Bxf5 25. Rxf5 Nh4 26. Rff1 Qe6 27. Be5 Nf5 28. Nd1
g3 29. Qe1 h4 30. Qe2 Kh7 31. Bf4 Ne8 32. c3 Neg7 33. Be5 Qg6 34. Bc2 Qg5 35.
Bf4 Qh5 36. Qe1 Ne6 37. Bxh6 Nxh6 38. b3 Rf5 39. Kc1 Qg5 40. Qe2 R8f6 41. Kb2
Rf8 42. Qe1 R8f6 43. Qe2 Nf7 44. c4 bxc4 45. bxc4 Nd6 46. cxd5 cxd5 47. Bb3 Nc7
48. Rxf5 Rxf5 49. Rf1 Qf6 50. Qh5+ Rxh5 51. Rxf6 Rh6 52. Rxh6+ Kxh6 53. Nc3 Nf5
54. Bxd5 Nxe3 55. Bxe4 Kg5 56. Ne2 Ne6 57. Kc3 Nf4 58. Nxf4 Kxf4 59. Bf3 Nf5 60.
Kc4 Ke3 61. d5 Kf4 62. Kc5 Ke5 63. a6 Nd6 64. Kc6 Ne8 65. Bh5 Nd6 66. Bg4 Ne8
67. Bf3 Nd6 68. Kc7 Ne8+ 69. Kd7 Nd6 70. Kc6 Ne8 71. Kb7 Kd6 72. Kb8 Kd7 73.
Bg4+ Kd6 74. Kb7 Nf6 75. Kxa7 Nxg4 76. Kb7 Ne5 77. a7 1-0

[Event "PRO League Group Stage"]
[Site "chess.com INT"]
[Date "2018.02.24"]
[Round "7"]
[White "Mamedov, Rauf"]
[Black "Atalik, Suat"]
[Result "1-0"]
[WhiteTitle "GM"]
[BlackTitle "GM"]
[WhiteElo "2709"]
[BlackElo "2538"]
[WhiteTeam "San Jose Hackers"]
[BlackTeam "Amsterdam Mosquitoes"]
[WhiteFideId "13401653"]
[BlackFideId "14401487"]
[EventDate "2018.01.18"]

1. e4 e5 2. Nf3 Nc6 3. Bc4 Bc5 4. c3 Nf6 5. d3 a6 6. Bb3 d6 7. h3 h6 8. Nbd2 Be6
9. Nf1 Qd7 10. Ng3 Ba7 11. Ba4 b5 12. Bc2 d5 13. O-O dxe4 14. dxe4 O-O-O 15. a4
Qxd1 16. Bxd1 Bc4 17. Re1 Kb7 18. Nd2 Bd3 19. Nb3 Nxe4 20. Be3 bxa4 21. Nxe4
axb3 22. Bxa7 Kxa7 23. Nc5 Kb6 24. Nxd3 Rxd3 25. Bxb3 Rd7 26. Ba4 Rb8 27. Bxc6
Kxc6 28. Rxa6+ Kb7 29. Ra4 f6 30. f4 Rbd8 31. fxe5 Rd1 32. Re4 fxe5 33. Rxe5
Rxe1+ 34. Rxe1 Rd2 35. Re7 g5 36. Re6 Rxb2 37. Rxh6 Rc2 38. Rg6 Rxc3 39. Rxg5 c5
40. h4 Kc6 41. h5 Ra3 42. h6 Ra8 43. h7 Rh8 44. Rg7 c4 45. Kf2 Kd5 46. g4 Ke4
47. g5 c3 48. Ke2 Rd8 49. Rg8 Rd2+ 50. Ke1 1-0

[Event "PRO League Group Stage"]
[Site "chess.com INT"]
[Date "2018.02.24"]
[Round "7"]
[White "Mamedov, Rauf"]
[Black "Pruijssers, Roeland"]
[Result "1-0"]
[WhiteTitle "GM"]
[BlackTitle "GM"]
[WhiteElo "2709"]
[BlackElo "2536"]
[WhiteTeam "San Jose Hackers"]
[BlackTeam "Oslo Trolls"]
[WhiteFideId "13401653"]
[BlackFideId "1013068"]
[EventDate "2018.01.18"]

1. e4 e5 2. Nf3 Nc6 3. Bc4 Bc5 4. c3 Nf6 5. d3 O-O 6. a4 d5 7. exd5 Nxd5 8. O-O
a6 9. a5 Bg4 10. Nbd2 Ba7 11. h3 Bh5 12. Ne4 Rb8 13. Re1 f6 14. Ng3 Bf7 15. Nh4
Nce7 16. Nhf5 Nxf5 17. Nxf5 Ne7 18. Be3 Bxe3 19. Nxe3 Bxc4 20. dxc4 Qxd1 21.
Rexd1 Rfd8 22. Kf1 Kf7 23. Ke2 Ke6 24. b4 h5 25. h4 f5 26. Nf1 f4 27. Nd2 Kf5
28. Nb3 Rd6 29. Nc5 e4 30. f3 exf3+ 31. gxf3 Rg6 32. Kf2 Rg3 33. Rd7 Ng6 34.
Rd5+ 1-0

[Event "PRO League Group Stage"]
[Site "chess.com INT"]
[Date "2018.02.24"]
[Round "7"]
[White "Mamedov, Rauf"]
[Black "Zhou, Yang-Fan"]
[Result "1-0"]
[WhiteTitle "GM"]
[BlackTitle "IM"]
[WhiteElo "2709"]
[BlackElo "2449"]
[WhiteTeam "San Jose Hackers"]
[BlackTeam "London Lions"]
[WhiteFideId "13401653"]
[BlackFideId "468584"]
[EventDate "2018.01.18"]

1. e4 c5 2. Nf3 d6 3. Bb5+ Bd7 4. Bxd7+ Qxd7 5. Qe2 Nc6 6. O-O g6 7. c3 Bg7 8.
Rd1 Nf6 9. d4 cxd4 10. cxd4 d5 11. e5 Ne4 12. Ne1 f6 13. exf6 Nxf6 14. Nc3 O-O
15. Nf3 Ne8 16. Bg5 Rf5 17. Bh4 Nd6 18. Bg3 Raf8 19. Ne5 Qe6 20. Nxc6 Qxe2 21.
Nxe2 bxc6 22. Rac1 Rc8 23. f3 Kf7 24. b3 Ke8 25. Nc3 Kd7 26. Na4 Nb7 27. Kf1 g5
28. h3 h5 29. Ke2 Re8 30. Kd3 e5 31. Re1 g4 32. hxg4 hxg4 33. Bxe5 Bxe5 34. fxg4
Rg5 35. Rxe5 Rexe5 36. dxe5 Rxg4 37. Rh1 Rxg2 38. Rh7+ Kc8 39. e6 Rxa2 40. Rxb7 1-0

[Event "PRO League Group Stage"]
[Site "chess.com INT"]
[Date "2018.02.24"]
[Round "7"]
[White "Bortnyk, Olexandr"]
[Black "Sharafiev, Azat"]
[Result "1-0"]
[WhiteTitle "GM"]
[BlackTitle "IM"]
[WhiteElo "2610"]
[BlackElo "2432"]
[WhiteTeam "Rio Grande Ospreys"]
[BlackTeam "Volga Stormbringers"]
[WhiteFideId "14120828"]
[BlackFideId "4186214"]
[EventDate "2018.01.18"]

1. d4 e6 2. Nc3 d5 3. Bf4 c5 4. e3 Nf6 5. Nb5 Na6 6. c3 Be7 7. Bd3 O-O 8. a4 b6
9. Nf3 Bb7 10. Ne5 Nd7 11. Qh5 f5 12. g4 Nxe5 13. Bxe5 g6 14. Qh6 Bf6 15. gxf5
exf5 16. Nd6 Bxe5 17. dxe5 Qe7 18. Rg1 c4 19. Bxf5 Rxf5 20. Nxf5 Qxe5 21. Nh4
Qg7 22. Qxg7+ Kxg7 23. a5 b5 24. Nf5+ Kf6 25. Nd4 Rb8 26. Ke2 Nc5 27. Rad1 Ba8
28. Nc2 Na4 29. Rb1 d4 30. exd4 Be4 31. Kd2 Rf8 32. b3 cxb3 33. Rxb3 1-0

[Event "PRO League Group Stage"]
[Site "chess.com INT"]
[Date "2018.02.24"]
[Round "7"]
[White "Bortnyk, Olexandr"]
[Black "Salem, A.R. Saleh"]
[Result "1/2-1/2"]
[WhiteTitle "GM"]
[BlackTitle "GM"]
[WhiteElo "2610"]
[BlackElo "2642"]
[WhiteTeam "Rio Grande Ospreys"]
[BlackTeam "Delhi Dynamite"]
[WhiteFideId "14120828"]
[BlackFideId "9301348"]
[EventDate "2018.01.18"]

1. e4 c5 2. Nf3 d6 3. Bc4 Nf6 4. d3 g6 5. e5 dxe5 6. Nxe5 e6 7. Bb5+ Bd7 8. Qf3
Bxb5 9. Qxb7 Nbd7 10. Qxb5 Rb8 11. Qa4 Rb4 12. Qc6 Rb6 13. Qa4 Rb4 14. Qc6 Rb6
15. Qa4 1/2-1/2

[Event "PRO League Group Stage"]
[Site "chess.com INT"]
[Date "2018.02.24"]
[Round "7"]
[White "Bortnyk, Olexandr"]
[Black "Hjartarson, Johann"]
[Result "0-1"]
[WhiteTitle "GM"]
[BlackTitle "GM"]
[WhiteElo "2610"]
[BlackElo "2536"]
[WhiteTeam "Rio Grande Ospreys"]
[BlackTeam "Reykjavik Puffins"]
[WhiteFideId "14120828"]
[BlackFideId "2300044"]
[EventDate "2018.01.18"]

1. e4 g6 2. d4 Bg7 3. Nc3 d6 4. Be3 a6 5. Qd2 b5 6. f3 Nd7 7. h4 Ngf6 8. O-O-O
Nb6 9. g4 h5 10. g5 Nfd7 11. f4 Bb7 12. d5 c5 13. Nf3 b4 14. Nb1 a5 15. Bb5 O-O
16. c4 bxc3 17. Nxc3 a4 18. Qc2 a3 19. b3 Qc7 20. Nd2 Ba6 21. Bc6 Rab8 22. Ndb1
Nc8 23. Nxa3 Na7 24. Ba4 Rb4 25. e5 dxe5 26. d6 exd6 27. Nd5 Qb7 28. Nxb4 cxb4
29. Rxd6 Qxh1+ 30. Rd1 Qf3 31. Bxa7 Rc8 32. Nc4 Nc5 33. Bxc5 Rxc5 34. fxe5 Bxc4
35. bxc4 Qf4+ 36. Kb1 Qxe5 37. Qb3 Rxc4 0-1

[Event "PRO League Group Stage"]
[Site "chess.com INT"]
[Date "2018.02.24"]
[Round "7"]
[White "Bortnyk, Olexandr"]
[Black "Degraeve, Jean-Marc"]
[Result "1-0"]
[WhiteTitle "GM"]
[BlackTitle "GM"]
[WhiteElo "2610"]
[BlackElo "2570"]
[WhiteTeam "Rio Grande Ospreys"]
[BlackTeam "Marseille Migraines"]
[WhiteFideId "14120828"]
[BlackFideId "600270"]
[EventDate "2018.01.18"]

1. d4 d6 2. e4 Nf6 3. Nc3 g6 4. Be3 c6 5. f3 Nbd7 6. Qd2 b5 7. Nge2 Nb6 8. Nf4
e5 9. dxe5 dxe5 10. Qxd8+ Kxd8 11. O-O-O+ Kc7 12. Nd3 Nfd7 13. f4 Nc4 14. Bf2
exf4 15. Bd4 Rg8 16. Nxf4 Bd6 17. g3 Re8 18. Bxc4 bxc4 19. Rhf1 Ne5 20. h3 f5
21. exf5 Bxf5 22. g4 Bd7 23. Ng2 Rf8 24. Rxf8 Rxf8 25. Ne4 Be6 26. Nxd6 Kxd6 27.
b4 cxb3 28. axb3 Bd5 29. Ne3 Nf3 30. Bxa7 Ra8 31. Bd4 Nxd4 32. Rxd4 Ke5 33. Rd3
Ra1+ 34. Kb2 Rh1 35. Nxd5 cxd5 36. b4 Rf1 37. b5 Kd6 38. Rc3 d4 39. Rc6+ Kd5 40.
Rc7 h5 41. g5 h4 42. b6 Rf8 43. b7 Rb8 44. Kb3 Kd6 45. Rg7 Kc6 46. Kc4 Rd8 47.
Kd3 Kb6 48. Ke4 Ka7 49. Ke5 d3 50. cxd3 Rxd3 51. Kf6 Rxh3 52. Kxg6 Rh1 53. Rh7
h3 54. Kg7 h2 55. g6 Kxb7 56. Kh8+ Kc6 57. g7 1-0

[Event "PRO League Group Stage"]
[Site "chess.com INT"]
[Date "2018.02.24"]
[Round "7"]
[White "Parnali, S Dharia"]
[Black "Chen, Forest"]
[Result "0-1"]
[WhiteTitle "WIM"]
[WhiteElo "2082"]
[BlackElo "2107"]
[WhiteTeam "Mumbai Movers"]
[BlackTeam "Saint Louis Arch Bishops"]
[WhiteFideId "5043131"]
[BlackFideId "30908205"]
[EventDate "2018.01.18"]

1. d4 d5 2. c4 e6 3. Nf3 Nf6 4. g3 Bb4+ 5. Bd2 Be7 6. Bg2 O-O 7. O-O Nbd7 8. Qc2
Ne4 9. Nc3 Nxd2 10. Nxd2 c6 11. e4 dxe4 12. Ndxe4 Re8 13. Rad1 Qc7 14. Rfe1 b6
15. h4 Bb7 16. Ng5 g6 17. Nce4 Bf8 18. h5 Bg7 19. hxg6 hxg6 20. Nxf7 Kxf7 21.
Ng5+ Kg8 22. Nxe6 Rxe6 23. Rxe6 Nf8 24. Re2 Rd8 25. d5 cxd5 26. Bxd5+ Bxd5 27.
Rxd5 Rc8 28. b3 Qf7 29. Qe4 Nh7 30. Qe7 Rc7 31. Rd8+ Bf8 32. Qxf7+ Kxf7 33. Kg2
Nf6 34. f4 Be7 35. Rd1 Bc5 36. Kf3 Ne8 37. Rh1 Ng7 38. Rd1 Nf5 39. Red2 Ke6 40.
Re1+ Kf7 41. Red1 Ke6 42. g4 Nd6 43. Re1+ Kf6 44. Rde2 Bb4 45. Re6+ Kf7 46. R1e2
Rd7 47. g5 Nf5 48. Rf6+ Kg7 49. Kg4 Nd4 50. Re8 Be7 51. Rxe7+ Rxe7 52. Rd6 Nf5
53. Rd3 Kf7 54. a3 Re3 55. Rd7+ Ke6 56. Rxa7 Rg3# 0-1